|
|
|
|
| LEADER |
00000nam0a2200000 4500 |
| 001 |
594272 |
| 005 |
20240118095432.0 |
| 029 |
0 |
0 |
|a SU
|b 801-ХП-88
|f ОНИИТЭХим
|
| 035 |
|
|
|a (RuTPU)RU\TPU\tpu\8694
|
| 035 |
|
|
|a RU\TPU\tpu\8693
|
| 090 |
|
|
|a 594272
|
| 100 |
|
|
|a 20020530d1988 m y0rusy50 ca
|
| 101 |
0 |
|
|a rus
|
| 102 |
|
|
|a RU
|
| 105 |
|
|
|a y z 001zy
|
| 200 |
1 |
|
|a Графическое представление механизма и анализ форм кинетического управления реакций образования углеводородов в синтезе СО и Н [2]
|f Н. В. Ушева, О. Е. Мойзес, Л. С. Вольф
|
| 210 |
|
|
|a Томск
|d 1988
|
| 215 |
|
|
|a 13 с.
|
| 320 |
|
|
|a Библиогр.: 6 назв. - Деп. в ОНИИТЭХим, г. Черкассы, 03.08.88, № 801-ХП-88.
|
| 610 |
1 |
|
|a труды учёных ТПУ
|
| 700 |
|
1 |
|a Ушева
|b Н. В.
|c кандидат химичеких наук
|c ХТФ
|f 1948-
|g Наталья Викторовна
|3 (RuTPU)RU\TPU\pers\3202
|
| 701 |
|
1 |
|a Мойзес
|b О. Е.
|c химик-технолог, специалист в области информатики и вычислительной техники
|c доцент Томского политехнического университета, кандидат технических наук
|f 1950-
|g Ольга Ефимовна
|3 (RuTPU)RU\TPU\pers\3318
|9 11730
|
| 701 |
|
1 |
|a Вольф
|b Л. С.
|c ХТФ
|f 1966-
|g Лариса Сергеевна
|3 (RuTPU)RU\TPU\pers\4127
|
| 712 |
0 |
2 |
|a Томский политехнический институт
|
| 801 |
|
2 |
|a RU
|b 63413507
|c 20100201
|g PSBO
|
| 942 |
|
|
|c BK
|